000 00744nam a2200229 a 4500
001 79910
003 BD-RjUL
005 20220605130720.0
008 220605s1967 pk abj b 000 0 eng d
035 _a(BD-RjUL)79910
040 _aDLC
_cDLC
_dEQO
_dBD-RjUL
_beng
041 _aeng
082 0 _223
_a954.14021
_bCHD 1967
100 _aChowdhury, Abdul Momin
_93409
245 1 0 _aDynastic history of Bengal :
_b(c. 750-1200 A.D) /
_cAbdul Momin Chowdhury
260 _aDacca :
_bAsiatic Society of Pakistan,
_c1967
300 _axiv, 310 p.;
_billus.,
_c26 cm.
504 _aIncludes bibliography and index.
651 0 _aBengal (India)
_xHistory
_93410
830 0 _aAsiatic Society of Pakistan publications ;
_vno. 21
_93411
942 _2ddc
_cBK
999 _c79910
_d79910